000 00440nam a2200157 4500
001 136090
003 ES-MaACL
005 20230906195031.0
007 t|
008 070214s1918 mr r ||||1| spa d
100 1 _aRuiz Orsatti, Ricardo.
_9100890
245 1 3 _aLa enseñanza en Marruecos /
_cRicardo Ruiz Orsatti.
260 _aTetuán :
_bLa Papelera Africana,
_c1918.
300 _a285 p. ;
_c22 x 16 cm.
852 _aES-MaACL
_jF-1502
999 _c136090
_d136090